000
00295nam a22001337a 4500
008
171005b xxu||||| |||| 00| 0 eng d
020
_a
0881671053
041
_a
eng
080
_a
519.9
100
_a
48
101
_a
PSI
245
_a
THE CITADEL OF THE SENSES
_c
CRITCHLEY,M
942
_2
udc
_c
BK
999
_c
31901
_d
31901